书目信息 |
| 题名: |
北京建筑工程学院2008年教育教学改革与研论文集
|
|
| 作者: | ;《北京建筑工程学院2008年教育教学改革与研论文集》编写委员会 | |
| 分册: | ||
| 出版信息: | 北京 兵器工业出版社 2008.12 |
|
| 页数: | 287页 | |
| 开本: | 26cm | |
| 丛书名: | ||
| 单 册: | ||
| 中图分类: | G649.21 | |
| 科图分类: | ||
| 主题词: | 教育--各级 | |
| 电子资源: | ||
| ISBN: | 7-80248-276-3 | |
| 000 | 00994nam0 2200217 45 | |
| 001 | 0934644220 | |
| 005 | 20091017094001.16 | |
| 010 | @a7-80248-276-3@dCNY30.00 | |
| 100 | @a20090515d2008 ekmy0 y0120 ea | |
| 102 | @aCN@b130000 | |
| 102 | @aCN@b110000 | |
| 105 | @ay z 000yy | |
| 200 | 1 | @a北京建筑工程学院2008年教育教学改革与研论文集@Abei jing jian zhu gong cheng xue yuan 2008 nian jiao yu jiao xue gai ge yu yan lun wen ji@f《北京建筑工程学院2008年教育教学改革与研论文集》编写委员会@F《bei jing jian zhu gong cheng xue yuan 2008 nian jiao yu jiao xue gai ge yu yan lun wen ji》bian xie wei yuan hui |
| 210 | @a北京@c兵器工业出版社@d2008.12 | |
| 215 | @a287页@d26cm | |
| 606 | 0 | @a教育@x各级 |
| 690 | @aG649.21@v4 | |
| 711 | 02 | @a《北京建筑工程学院2008年教育教学改革与研论文集》编写委员会@A《bei jing jian zhu gong cheng xue yuan 2008 nian jiao yu jiao xue gai ge yu yan lun wen ji》bian xie wei yuan hui |
| 801 | 0 | @aCN@c20091017 |
| 905 | @a10447@dG649.21@eZ450 | |
| 906 | @d30@n2@r1 | |
| 北京建筑工程学院2008年教育教学改革与研论文集/《北京建筑工程学院2008年教育教学改革与研论文集》编写委员会.-北京:兵器工业出版社,2008.12 |
| 287页;26cm |
| ISBN 7-80248-276-3:CNY30.00 |
| ● |
| 相关链接 |
|
|
|
正题名:北京建筑工程学院2008年教育教学改革与研论
索取号:G649.21/Z450
 
预约/预借
| 序号 | 登录号 | 条形码 | 馆藏地/架位号 | 状态 | 备注 |
| 1 | 891229 | 208912293 | 社科库409/409社科库 15排1列3层/ [索取号:G649.21/Z450] | 在馆 | |
| 2 | 891230 | 208912300 | 社科库409/409社科库 15排1列3层/ [索取号:G649.21/Z450] | 在馆 |